Statistics for Pokémon Type by Weaknesses and Resistances

Click here to take the quiz!

General Stats

  • This quiz has been taken 57 times
  • The average score is 12 of 18

Answer Stats

HintAnswer% Correct
0x Electric, 2x Grass, 2x Ice, 0.5x Poison, 0.5x Rock, 2x WaterGround
80%
0.5x Bug, 2x Dark, 0x Fighting, 2x Ghost, 0x Normal, 0.5x PoisonGhost
77%
2x Fighting, 0x GhostNormal
74%
2x Bug, 0.5x Dark, 2x Fairy, 2x Fighting, 0.5x Ghost, 0x PsychicDark
71%
2x Dragon, 2x Fairy, 0.5x Electric, 0.5x Fire, 0.5x Grass, 2x Ice, 0.5x WaterDragon
71%
0.5x Bug, 0.5x Dark, 0x Dragon, 0.5x Fighting, 2x Poison, 2x SteelFairy
71%
0.5x Bug, 2x Electric, 0.5x Fighting, 0.5x Grass, 0x Ground, 2x Ice, 2x RockFlying
71%
2x Bug, 0.5x Electric, 2x Fire, 2x Flying, 0.5x Grass, 0.5x Ground, 2x Ice, 2x Poison, 0.5x WaterGrass
71%
2x Electric, 0.5x Fire, 2x Grass, 0.5x Ice, 0.5x Steel, 0.5x WaterWater
71%
0.5x Bug, 0.5x Fairy, 0.5x Fire, 0.5x Grass, 2x Ground, 0.5x Ice, 2x Rock, 0.5x Steel, 2x WaterFire
69%
0.5x Electric, 0.5x Flying, 2x Ground, 0.5x SteelElectric
66%
0.5x Bug, 0.5x Dark, 2x Fairy, 2x Flying, 2x Psychic, 0.5x RockFighting
63%
2x Fire, 2x Fighting, 0.5x Ice, 2x Rock, 2x SteelIce
63%
2x Bug, 2x Dark, 0.5x Fighting, 2x Ghost, 0.5x PsychicPsychic
63%
2x Fighting, 0.5x Fire, 0.5x Flying, 2x Grass, 2x Ground, 0.5x Normal, 0.5x Poison, 2x Steel, 2x WaterRock
57%
0.5x Bug, 0.5x Dragon, 0.5x Fairy, 2x Fighting, 2x Fire, 0.5x Flying, 0.5x Grass, 2x Ground, 0.5x Ice, 0.5x Normal, 0x Poison, 0.5x Psychic, 0.5x Rock, 0.5x SteelSteel
57%
0.5x Fighting, 2x Fire, 2x Flying, 0.5x Grass, 0.5x Ground, 2x RockBug
54%
0.5x Bug, 0.5x Fairy, 0.5x Fighting, 0.5x Grass, 2x Ground, 0.5x Poison, 2x PsychicPoison
51%

Score Distribution

Percentile by Number Answered

Percent of People with Each Score

Your Score History

You have not taken this quiz